Normal view
MARC view
- MEIR, GERALD M
Entry Personal Name
001 - CONTROL NUMBER
- control field: 76189
003 - CONTROL NUMBER IDENTIFIER
- control field: NUST
005 - DATE AND TIME OF LATEST TRANSACTION
- control field: 20210628205609.0
008 - FIXED-LENGTH DATA ELEMENTS
- fixed length control field: 210628|| aca||aabn | a|a d
040 ## - CATALOGING SOURCE
- Original cataloging agency: NUST
- Transcribing agency: NUST
100 ## - HEADING--PERSONAL NAME
- Personal name: MEIR, GERALD M
670 ## - SOURCE DATA FOUND
- Source citation: Work cat.: (NUST): MEIR, GERALD M, LEADING ISSUES IN ECONOMICS DEVELOPMENT STUDIES IN INTERNATIONAL POVERTY, 1974
